00339nam a2200133Ia 4500008004100000100001800041245003800059250001100097260004900108300000800157650001600165942000700181999001700188190216s9999||||xx |||||||||||||| ||und|| aJohn B.Conway 0aFunctions Of One Complex Variable a2nd ed bSpringer International Student Editionc1999 a317 aMathematics cBK c31382d31382